Времето на българското преустройство, юли 1987 - ноември 1989 (Запис номер 472541)
[ съкратено ]
| 000 -Лидер | |
|---|---|
| Контролно поле с фиксирана дължина | 01894nam a2200313 a 4500 |
| 003 - Код на организацията, давaща контролен номер | |
| Контролно поле | BLK |
| 005 - Дата и час на последна редакция | |
| Контролно поле | 20250128005520.0 |
| 008 - Елементи от данни с фиксирана дължина | |
| fixed length control field | 180820b bul|||||r|||| 00| | bul d |
| 020 ## - Международен стандартен номер на книга ISBN | |
| Международен стандартен номер на книга ISBN | 9789547760608 |
| 040 ## - Източник на каталожния запис | |
| Идентификатор на билиотеката - собственик на записа | BLK |
| 041 ## - Код за език | |
| Код за езика на текст/звукозапис или на отделно заглавие | Български |
| Код за езика КДБФ | Български |
| 080 ## - УДК | |
| Текстов определител УДК | Република България (от 1990) |
| УДК код - определител по УДК | 94(497.2)"1990..." |
| УДК - код + определител | 94(497.2)"1990..." |
| 100 ## - Редна дума - Автор | |
| R(LIN) | 254265 |
| Автор | Мигев, Владимир Тихомиров |
| Авторска отговорност | първи автор |
| 139 ## - Редно поле | |
| Редна дума | Мигев, Владимир Тихомиров |
| 245 ## - Сведения за заглавието | |
| Заглавие | Времето на българското преустройство, юли 1987 - ноември 1989 |
| Подзаглавни данни | Монография |
| Редно поле (дума) | Владимир Мигев. |
| 257 ## - Страна на издаване | |
| Страна на създаване/издаване | България |
| 260 ## - Област на издателските данни | |
| Място на издаване, разпространение и проч. | София |
| Име на издателя, разпространителя и проч. | Златен змей |
| 9 (RLIN) | 211339 |
| Година на издаване | 2022 |
| Печатница | София : Алианс принт |
| Издателство - префикс ISBN | 978-954-776- |
| 300 ## - Физическа характеристика | |
| Страници | 192 с. |
| Илюстрации и др. | с ил. |
| Размери/Мащаб | 21 см |
| 380 ## - Жанр | |
| Жанр | История |
| 500 ## - Общи забележки | |
| Забележка | Историкът, който работи неуморно и резултатно в преломното време / Христо Ковачев: с. 177-178. - In honorem. Проф. дин Владимир Тихомиров Мигев на 80 години / Илияна Марчева, Надя Филипова: с. 179-182<br/>Владимир Мигев като изследовател на авторитарния режим в България / Николай Поппетров: с. 183-191. - Биогр. данни за авт. отбелязани на гърба на кор. - Библиогр. под линия |
| 650 #0 - Допълнително описание по предмет – тема | |
| Основно описание – тема или топоним | Вътрешна политика - България |
| 9 (RLIN) | 249071 |
| 651 #7 - Допълнително описание по предмет - топоним | |
| 9 (RLIN) | 178684 |
| Географско понятие | България |
| 653 #7 - Ключова дума – ненормативна | |
| 9 (RLIN) | 194482 |
| Ключова дума | преустройство |
| 653 #7 - Ключова дума – ненормативна | |
| 9 (RLIN) | 182625 |
| Ключова дума | българска вътрешна политика |
| 653 #7 - Ключова дума – ненормативна | |
| 9 (RLIN) | 179875 |
| Ключова дума | 1989 г. |
| 852 ## - Местоположение | |
| Форматна сигнатура | Цб 313952 |
| Фондова буква | Хранилище |
| 999 ## - СИСТЕМНИ КОНТРОЛНИ НОМЕРА | |
| Koha biblionumber | 472541 |
| Koha biblioitemnumber | 472541 |
| 942 ## - АРТИКУЛИ | |
| Вид на библиотечния материал | Книги |
| Скрит в OPAC | Не |
| Периодичен библиозапис | Да |
| 944 ## - СЪЗДАВАНЕ И РЕДАКЦИЯ на ЗАПИСА | |
| Създаване/Редакция | Създаване |
| Дата на регистрацията/редакция | 2022-09-07 |
| Служител, извършил регистрацията/редакцията | |
| Статус, дата на статуса | CRON CRON |
| Код за отписване | Код за изгубен артикул | Източник на класификационната схема | Код за повреда | Коз за рестрикции | Код за отдаване | Артикулен № | Име на библиотеката - собственик | Име на библиотеката, в която се намира в момента | Статус (Текущо местоположение) | Дата на вписване в системата | Местоположение - отдел | Цена в лева | Систематично азбучна сигнатура | Баркод | Цена в евро | Служебен тип на артикула |
|---|---|---|---|---|---|---|---|---|---|---|---|---|---|---|---|---|
| Не е изгубен | Universal Decimal Classification | Не е повреден | само за читалня | ползва се в читалня | 903430 | Регионална библиотека "Любен Каравелов" Русе | Регионална библиотека "Любен Каравелов" Русе | Хранилище | 2022-09-08 | Хранилище | 9.00 | Цб 313952 | 120000876067 | 4.60 | Книги |